[Event "Titled Tuesday intern op 01st Apr Early"]
[Site "Chess.com INT"]
[Date "2025.04.01"]
[Round "7"]
[White "Tran, Vo Quoc Bao"]
[Black "Kocharin, Timur"]
[Result "0-1"]
[WhiteElo "2083"]
[BlackElo "2266"]
[PlyCount "44"]
[EventDate "2025.04.01"]
[EventType "swiss (blitz)"]
[EventRounds "11"]
[EventCountry "USA"]
[SourceTitle "CB15_2025"]
[SourceDate "2025.04.09"]
[SourceVersion "1"]
[SourceVersionDate "2025.04.09"]
[SourceQuality "1"]

1. e4 c6 2. d4 d5 3. e5 Bf5 4. h4 h5 5. Bg5 Qb6 6. Bd3 Qxd4 7. Bxf5 Qxe5+ 8. Ne2 Qxf5 9. Nbc3 Nf6 10. 0-0 Nbd7 11. Nd4 Qg6 12. Re1 e5 13. Nf3 Bd6 14. Ne2 e4 15. Nfd4 0-0 16. c4 Nc5 17. cxd5 cxd5 18. Nb5 Be5 19. Bxf6 Qxf6 20. Qxd5 Nd3 21. Rf1 Qxh4 22. Nbc3 Qh2# 0-1

[Event "Titled Tuesday intern op 25th Mar Early"]
[Site "Chess.com INT"]
[Date "2025.03.25"]
[Round "4"]
[White "Kocharin, Timur"]
[Black "Duarte Cramer, Lily Jeanette"]
[Result "1-0"]
[WhiteElo "2266"]
[BlackElo "1836"]
[PlyCount "103"]
[EventDate "2025.03.25"]
[EventType "swiss (blitz)"]
[EventRounds "11"]
[EventCountry "USA"]
[SourceTitle "CB14_2025"]
[SourceDate "2024.11.01"]
[SourceVersion "1"]
[SourceVersionDate "2024.11.01"]
[SourceQuality "1"]

1. e4 c5 2. Nf3 d6 3. Bc4 e6 4. 0-0 Be7 5. Re1 Nf6 6. c3 a6 7. Bf1 0-0 8. d4 Nc6 9. Bf4 d5 10. e5 Nd7 11. Nbd2 cxd4 12. c4 Nc5 13. a3 a5 14. Nb3 Nxb3 15. Qxb3 a4 16. Qc2 Na5 17. cxd5 Nb3 18. d6 Nxa1 19. Rxa1 Bxd6 20. exd6 Bd7 21. Nxd4 Rc8 22. Qe2 Qb6 23. Rd1 Rfe8 24. Nb5 Rc6 25. Nc7 Rc8 26. Qg4 Qxb2 27. h4 Qxa3 28. Be5 g6 29. Qg5 Rc5 30. Qf6 Rxe5 31. Qxe5 Qb4 32. Bb5 Bxb5 33. Nxb5 Qxh4 34. d7 Rd8 35. Qc7 Kf8 36. Nd6 Qe7 37. Nxb7 Rxd7 38. Rxd7 Qf6 39. Qd8+ Qxd8 40. Rxd8+ Ke7 41. Ra8 Kf6 42. g3 Kg7 43. Rxa4 f5 44. Na5 e5 45. Nb3 e4 46. Nc1 Kh6 47. Kg2 Kg5 48. Ne2 h5 49. f4+ Kg4 50. Ra6 g5 51. Rg6 h4 52. Rxg5# 1-0

[Event "Titled Tuesday intern op 25th Mar Early"]
[Site "Chess.com INT"]
[Date "2025.03.25"]
[Round "7"]
[White "Kocharin, Timur"]
[Black "Otdelnov, Kirill"]
[Result "1-0"]
[WhiteElo "2266"]
[BlackElo "2273"]
[PlyCount "85"]
[EventDate "2025.03.25"]
[EventType "swiss (blitz)"]
[EventRounds "11"]
[EventCountry "USA"]
[SourceTitle "CB14_2025"]
[SourceDate "2024.11.01"]
[SourceVersion "1"]
[SourceVersionDate "2024.11.01"]
[SourceQuality "1"]

1. d4 Nf6 2. c4 e6 3. Nc3 d5 4. e3 Be7 5. Nf3 0-0 6. b3 b6 7. Bb2 Bb7 8. Bd3 dxc4 9. bxc4 c5 10. 0-0 Nbd7 11. Rc1 h6 12. Qe2 Rc8 13. Rfd1 Qc7 14. h3 Rfd8 15. Bb1 cxd4 16. Nb5 Qb8 17. exd4 a6 18. Nc3 Qc7 19. Bd3 Nb8 20. d5 exd5 21. Nxd5 Bxd5 22. cxd5 Qb7 23. Rxc8 Rxc8 24. d6 Bxd6 25. Bxf6 gxf6 26. Nd4 Kh8 27. Nf5 Bf8 28. Qe3 Rc5 29. Nxh6 Re5 30. Qf4 Qe7 31. Kh2 Rd5 32. Ng4 Qd6 33. Qxd6 Bxd6+ 34. g3 Nd7 35. Ne3 Rd4 36. Bxa6 Rxd1 37. Nxd1 Bc5 38. Kg2 Bd4 39. f4 Nc5 40. Bc4 Kg7 41. Kf3 Na4 42. Ne3 Nc3 43. Nf5+ 1-0

[Event "Titled Tuesday intern op 25th Mar Early"]
[Site "Chess.com INT"]
[Date "2025.03.25"]
[Round "8"]
[White "Korchynskyi, Mykola"]
[Black "Kocharin, Timur"]
[Result "1-0"]
[WhiteElo "2284"]
[BlackElo "2266"]
[PlyCount "77"]
[EventDate "2025.03.25"]
[EventType "swiss (blitz)"]
[EventRounds "11"]
[EventCountry "USA"]
[SourceTitle "CB14_2025"]
[SourceDate "2024.11.01"]
[SourceVersion "1"]
[SourceVersionDate "2024.11.01"]
[SourceQuality "1"]

1. d4 d5 2. c4 e6 3. Nc3 Be7 4. Nf3 Nf6 5. Bf4 0-0 6. e3 b6 7. Qc2 Ba6 8. Be2 Nbd7 9. 0-0 Bxc4 10. Bxc4 dxc4 11. e4 c5 12. d5 exd5 13. exd5 Re8 14. d6 Bf8 15. Nb5 Nd5 16. Bg3 a6 17. Nc7 Nxc7 18. dxc7 Qc8 19. Qxc4 Nf6 20. Rad1 Ne4 21. Ne5 Qf5 22. Nc6 Rac8 23. Rd8 Nxg3 24. hxg3 Qf6 25. Qxa6 Rexd8 26. cxd8Q Rxd8 27. Nxd8 Qxd8 28. Qb7 g6 29. b3 Bg7 30. Re1 Bd4 31. Qc6 Kg7 32. Qf3 h5 33. a4 Qd6 34. Re8 Qd7 35. Rb8 Qc7 36. Rb7 Bxf2+ 37. Kxf2 Qxb7 38. Qxb7 g5 39. Qxb6 1-0